Statystyki dla 10 Najmniejszych krajów na świecie

Kliknij tutaj aby rozwiązać quiz!

Ogólne statystyki

  • Ten quiz został rozwiązany 227 razy
  • Średni wynik to 5 z 10

Statystyki odpowiedzi

PowierzchniaOdpowiedź% Poprawnych
0.44 km2Watykan
97%
61,6 km2San Marino
90%
1.95 km2Monako
81%
316 km2Malta
52%
21,3 km2Nauru
37%
26 km2Tuvalu
33%
261 km2Saint Kitts i Nevis
30%
181 km2Wyspy Marshalla
29%
298 km2Malediwy
24%
160 km2Liechtenstien
10%

Rozkład punktacji

Percentyl według liczby udzielonych odpowiedzi

Procent ludzi z każdym wynikiem

Twoja historia wyników

Nie rozwiązałeś tego quizu